000 00949nam a2200265Ia 4500
003 OSt
005 20221005105001.0
006 a|||||r|||| 00| 0
007 ta
008 221004b |||||||| |||| 00| 0 hin d
020 _a9788185999807 (hbk)
_c595
024 _a101950
037 _b367, 04/03/2010, Swaraj Prakashan
_cTextual
040 _aCRL
_cCRL
_bhin
041 _2hin
_ahin
082 _aO152,3M80:g(Y5927), Q0
100 _aकांतिमोहन
245 0 _aप्रेमचंद और दलित विमर्श
246 _aPremachanda aur dalit vimarsha
260 _aदिल्ली
_bस्वराज प्रकाशन भारत
_c2010
300 _a305पृ0
_ccm.
650 _aहिन्दी साहित्य
942 _hO152,3M80:g(Y5927), Q0
_cTEXL
_2cc
999 _c1014384
_d1014384